Globálne trendy v medzinárodnej doprave diplomová práca

Guardado en:
Detalles Bibliográficos
Autor principal: Pekárová, Marcela
Autor Corporativo: Fakulta medzinárodných vzťahov EU. Katedra medzinárodných ekonomických vzťahov a hospodárskej diplomacie
Otros Autores: Jančíková, Eva, 1960-
Formato: Libro
Lenguaje:eslovaco
Publicado: Bratislava 2018
Etiquetas: Agregar Etiqueta
Sin Etiquetas, Sea el primero en etiquetar este registro!

MARC

LEADER 00000nbm a2200000 4500
001 0244495
005 20180808082757.1
041 0 |a slo 
044 |a SK 
245 1 0 |a Globálne trendy v medzinárodnej doprave  |b diplomová práca  |c Marcela Pekárová ; školiteľ: Eva Jančíková 
264 1 |a Bratislava  |c 2018 
300 |a 63 s. 
100 1 |a Pekárová, Marcela 
700 1 |a Jančíková, Eva, 1960- 
710 2 |a Fakulta medzinárodných vzťahov EU. Katedra medzinárodných ekonomických vzťahov a hospodárskej diplomacie